| 000 | 00426nam a2200169 a 4500 | ||
|---|---|---|---|
| 001 | 0000-9361 | ||
| 003 | ELIB.Books | ||
| 008 | 110520 1992 | ||
| 035 | _a(ELIB.Books)0000-9513 | ||
| 082 |
_a232.9 _bWri |
||
| 100 | _aWright, N.T. | ||
| 245 | _aWho was Jesus? | ||
| 260 |
_bGrand Rapids: Wm. B. Eerdmans Publishing _c1992 |
||
| 650 | _aJesus Christ | ||
| 942 |
_2ddc _cBK |
||
| 998 |
_cbat _e2011-05-20 |
||
| 999 |
_c9361 _d9361 |
||